[Event "XI Festival Ducale A"]
[Site "Genova ITA"]
[Date "2003.09.28"]
[Round "9"]
[White "Erlandsen, Carsten"]
[Black "Del Nevo, Claudio"]
[Result "1-0"]
[WhiteElo "2142"]
[BlackElo "1752"]
[PlyCount "51"]
[EventDate "2003.09.21"]

1. d4 Nf6 2. c4 g6 3. Nc3 Bg7 4. e4 d6 5. Bg5 O-O 6. f4 c5 7. d5 Qa5 8. Qd2 Re8
9. Bd3 Nh5 10. Nf3 Bg4 11. O-O Bxf3 12. Rxf3 Bd4+ 13. Kh1 Na6 14. Re1 Nb4 15.
Nb5 Bg7 16. a3 Qb6 17. axb4 cxb4 18. f5 a6 19. Be3 Qd8 20. Nd4 a5 21. Ref1 Be5
22. fxg6 hxg6 23. Rh3 Qd7 24. Qf2 Rf8 25. Bh6 Ng7 26. Qh4 1-0

[Event "XI Festival Ducale A"]
[Site "Genova ITA"]
[Date "2003.09.28"]
[Round "9"]
[White "Gallitto, Salvatore"]
[Black "Schembri, Antonio"]
[Result "1-0"]
[WhiteElo "2010"]
[BlackElo "1696"]
[PlyCount "79"]
[EventDate "2003.09.21"]

1. d4 d6 2. Nc3 g6 3. h4 Nf6 4. e4 Nbd7 5. Be2 h6 6. Nf3 c5 7. Be3 Qa5 8. Nd2
a6 9. Nc4 Qc7 10. a4 b6 11. d5 Bg7 12. Qd2 Rb8 13. Na3 Ne5 14. Bf4 Nh7 15. Bxh6
Bf6 16. Bf4 Bg4 17. f3 Bc8 18. g4 Qd8 19. g5 Bg7 20. O-O-O Kd7 21. Qe1 Kc7 22.
Qf1 Ra8 23. Bg3 f6 24. f4 Nf7 25. Bf3 Nf8 26. Kb1 fxg5 27. hxg5 Rxh1 28. Qxh1
Qe8 29. e5 Bb7 30. Rd3 e6 31. dxe6 Bxf3 32. Qxf3 Nxe6 33. exd6+ Nxd6 34. f5 Nd4
35. Qd5 Rd8 36. Nc4 Bf8 37. Re3 Qc6 38. Qf7+ Qd7 39. Nxd6 Bxd6 40. Re7 1-0

[Event "XI Festival Ducale A"]
[Site "Genova ITA"]
[Date "2003.09.28"]
[Round "9"]
[White "Jaksland, Tim"]
[Black "Gromovs, Sergejs"]
[Result "1-0"]
[WhiteElo "2285"]
[BlackElo "2345"]
[PlyCount "95"]
[EventDate "2003.09.21"]

1. e4 c5 2. Nf3 d6 3. Bb5+ Nd7 4. d4 a6 5. Bxd7+ Bxd7 6. Nc3 f6 7. dxc5 dxc5 8.
Be3 e6 9. a4 b6 10. O-O Nh6 11. Bxh6 gxh6 12. Nd2 Rg8 13. Nc4 Qc7 14. Qh5+ Rg6
15. a5 b5 16. Nb6 Rd8 17. f4 c4 18. Kh1 Bc6 19. Rae1 Bb4 20. Nbd5 exd5 21. f5
d4 22. fxg6 hxg6 23. Qxg6+ Qf7 24. Qxh6 Bf8 25. Qh8 Qg7 26. Qxg7 Bxg7 27. Nd5
Rd6 28. Rd1 f5 29. Rxf5 Rg6 30. Rdf1 b4 31. b3 c3 32. Re1 Bf8 33. Rf6 Rxf6 34.
Nxf6+ Ke7 35. Nd5+ Ke6 36. Nf4+ Kd6 37. e5+ Kd7 38. h4 Bh6 39. Nd3 Ke6 40. Nxb4
Bb5 41. g4 Be3 42. Kg2 Bd2 43. Re4 Be3 44. Kf3 Bg1 45. h5 Be8 46. Kg2 Be3 47.
Rxe3 dxe3 48. Kf3 1-0

[Event "XI Festival Ducale A"]
[Site "Genova ITA"]
[Date "2003.09.28"]
[Round "9"]
[White "Miladinovic, Igor"]
[Black "Djingarova, Emilia"]
[Result "1-0"]
[WhiteElo "2609"]
[BlackElo "2300"]
[PlyCount "135"]
[EventDate "2003.09.21"]

1. d4 d5 2. Bg5 c6 3. Nf3 h6 4. Bh4 Qb6 5. Qc1 Bf5 6. e3 Nd7 7. c4 e6 8. Nc3
Ngf6 9. Be2 dxc4 10. Nd2 Be7 11. O-O Qd8 12. Nxc4 O-O 13. Bg3 Nb6 14. Na5 Qd7
15. Nb3 Nbd5 16. f3 Nh5 17. Bf2 Bg6 18. Rd1 Qc7 19. Qd2 Bd6 20. g3 Nxc3 21.
Qxc3 e5 22. Rac1 exd4 23. Nxd4 Qe7 24. Qa5 Nf6 25. Nf5 Bxf5 26. Qxf5 g6 27. Qh3
h5 28. e4 Rfd8 29. Qf1 h4 30. Rc4 Nh5 31. f4 Ng7 32. Bf3 Bc7 33. Rxd8+ Qxd8 34.
Rd4 Qe7 35. Qd1 Bb6 36. Rd7 Bxf2+ 37. Kxf2 Qb4 38. Rd8+ Rxd8 39. Qxd8+ Qf8 40.
Qxf8+ Kxf8 41. gxh4 Ke7 42. Ke3 Kd6 43. Bd1 Ke7 44. Be2 Kd6 45. Bg4 Ke7 46. Bc8
b6 47. Bg4 Kd6 48. Bd1 Ke7 49. Bc2 Nh5 50. Kf3 Nf6 51. e5 Nd5 52. f5 gxf5 53.
h5 Ke6 54. h6 Ne7 55. Bb3+ Kxe5 56. h7 Ng6 57. Bxf7 Nh8 58. Be8 c5 59. h4 a6
60. a4 f4 61. Bc6 Kf5 62. Be4+ Ke5 63. Bd3 a5 64. Bc4 Kf5 65. b3 Ke5 66. Kg4
Ke4 67. Kg5 Ke5 68. Be2 1-0

[Event "XI Festival Ducale A"]
[Site "Genova ITA"]
[Date "2003.09.28"]
[Round "9"]
[White "Naumkin, Igor"]
[Black "Delchev, Aleksander"]
[Result "1/2-1/2"]
[WhiteElo "2406"]
[BlackElo "2572"]
[PlyCount "54"]
[EventDate "2003.09.21"]

1. d4 Nf6 2. Nf3 d5 3. c4 e6 4. Nc3 c6 5. e3 Nbd7 6. Qc2 Bd6 7. Bd3 O-O 8. O-O
dxc4 9. Bxc4 b5 10. Be2 Bb7 11. Rd1 Qb8 12. h3 a6 13. e4 e5 14. dxe5 Nxe5 15.
Nd4 Ng6 16. Bg5 Bh2+ 17. Kh1 Be5 18. Nf3 Re8 19. Nxe5 Qxe5 20. Qc1 b4 21. f4
Qc7 22. Bxf6 bxc3 23. Bxc3 Rxe4 24. Bg4 c5 25. Rd7 Qc6 26. Qd2 Nh4 27. Rg1 Rae8
1/2-1/2

[Event "XI Festival Ducale A"]
[Site "Genova ITA"]
[Date "2003.09.28"]
[Round "9"]
[White "Olsen, Peter Erik"]
[Black "Capurro, Giuliano"]
[Result "1-0"]
[WhiteElo "2261"]
[BlackElo "2039"]
[PlyCount "51"]
[EventDate "2003.09.21"]

1. d4 Nf6 2. c4 d6 3. Nc3 g6 4. e4 Bg7 5. Bg5 Nbd7 6. f4 O-O 7. Nf3 c6 8. Qd2
h6 9. Bh4 Re8 10. e5 Nh7 11. Bd3 dxe5 12. fxe5 Nhf8 13. O-O Nb6 14. Rad1 Bg4
15. Be2 Qd7 16. h3 Bxf3 17. Rxf3 Rad8 18. Qf4 Qe6 19. c5 g5 20. Qe4 Nd5 21. Bg3
Nxc3 22. bxc3 Qxa2 23. c4 Rd7 24. Rxf7 Red8 25. Rxg7+ Kxg7 26. e6 1-0

[Event "XI Festival Ducale A"]
[Site "Genova ITA"]
[Date "2003.09.28"]
[Round "9"]
[White "Piccardo, Marco"]
[Black "Massa, Giovanni"]
[Result "1-0"]
[WhiteElo "2186"]
[BlackElo "2136"]
[PlyCount "85"]
[EventDate "2003.09.21"]

1. d4 Nf6 2. Nf3 g6 3. Bf4 Bg7 4. e3 O-O 5. Be2 d5 6. h3 Nbd7 7. Nbd2 b6 8. O-O
Bb7 9. a4 a5 10. c3 Ne4 11. Qc2 Nxd2 12. Qxd2 Re8 13. Rfc1 e5 14. Bh2 Qe7 15.
Bf1 Rad8 16. Rab1 e4 17. Ne1 c5 18. Bb5 Rc8 19. Nc2 Red8 20. b4 axb4 21. cxb4
c4 22. a5 bxa5 23. bxa5 Nb8 24. Nb4 Bc6 25. Nxc6 Nxc6 26. Ba6 Ra8 27. Bb7 Nxa5
28. Bxa8 Rxa8 29. Ra1 Qd8 30. Qa2 Ra7 31. Qa4 Qa8 32. Qb5 Bf8 33. Rcb1 Nb3 34.
Rxa7 Qxa7 35. Qxd5 Qa2 36. Rf1 Qe2 37. Bd6 Bxd6 38. Qxd6 Nd2 39. Ra1 Kg7 40.
Qe5+ Kh6 41. Qf6 c3 42. Qxf7 Qb5 43. Qf8+ 1-0

[Event "XI Festival Ducale A"]
[Site "Genova ITA"]
[Date "2003.09.28"]
[Round "9"]
[White "Rodriguez Alvarez, Alan"]
[Black "Svendsen, Peter"]
[Result "1-0"]
[WhiteElo "2055"]
[BlackElo "2014"]
[PlyCount "51"]
[EventDate "2003.09.21"]

1. e4 e5 2. Nf3 Nf6 3. Nxe5 d6 4. Nf3 Nxe4 5. d4 d5 6. Bd3 Nc6 7. O-O Be7 8. c4
Bg4 9. Re1 Nf6 10. cxd5 Qxd5 11. Nc3 Bxf3 12. Nxd5 Bxd1 13. Nxe7 Nxe7 14. Rxd1
O-O-O 15. Be3 Rd7 16. Rac1 Nfd5 17. a4 a6 18. Rc4 g6 19. b3 Re8 20. Re1 Nc6 21.
Rcc1 Ncb4 22. Bg5 Rxe1+ 23. Rxe1 f6 24. Be2 fxg5 25. Bg4 Nd3 26. Re8# 1-0

[Event "XI Festival Ducale A"]
[Site "Genova ITA"]
[Date "2003.09.28"]
[Round "9"]
[White "Zimmermann, Paul"]
[Black "Gentile, Claudio"]
[Result "1-0"]
[WhiteElo "2229"]
[BlackElo "2158"]
[PlyCount "71"]
[EventDate "2003.09.21"]

1. d4 d5 2. Nf3 Nf6 3. Bf4 c5 4. e3 Nc6 5. c3 Bg4 6. h3 Bxf3 7. Qxf3 Qb6 8. Qe2
cxd4 9. exd4 O-O-O 10. a4 e6 11. Qb5 Ne4 12. Qxb6 axb6 13. f3 Bd6 14. Bxd6 Nxd6
15. Kf2 Rhe8 16. Nd2 Kb8 17. Nb3 Nc4 18. Bxc4 dxc4 19. Nd2 Na5 20. f4 Kc7 21.
Rhe1 Kd6 22. Re4 f6 23. Rae1 Kd5 24. Kf3 Rc8 25. Nf1 Kd6 26. Ne3 Nb3 27. Nf1
Na5 28. f5 e5 29. dxe5+ fxe5 30. Rd1+ Kc6 31. Ne3 Rcd8 32. Rxd8 Rxd8 33. Nxc4
Nxc4 34. Rxc4+ Kd6 35. Ke4 Re8 36. Rb4 1-0